Ebrio de belleza y pensamiento: Una paráfrasis de la novela El fuego cuando te quema de Alí Víquez
Guardado en:
| Hovedforfatter: | |
|---|---|
| Format: | Bog |
| Sprog: | Spanish |
| Udgivet: |
San José, Costa Rica
El Atabal
2018
|
| Fag: | |
| Tags: |
Tilføj Tag
Ingen Tags, Vær først til at tagge denne postø!
|
MARC
| LEADER | 00000nam a2200000Ia 4500 | ||
|---|---|---|---|
| 008 | 170316s9999 xx 000 0 spa d | ||
| 999 | |c 30899 |d 30899 | ||
| 040 | |a cru BVZT | ||
| 090 | |a 868 S-7.1e | ||
| 100 | |a Sagot, Jacques | ||
| 245 | |a Ebrio de belleza y pensamiento: Una paráfrasis de la novela El fuego cuando te quema de Alí Víquez |c / Jacques Sagot | ||
| 260 | |a San José, Costa Rica | ||
| 260 | |b El Atabal | ||
| 260 | |c 2018 | ||
| 300 | |a 403 páginas | ||
| 650 | |a LITERATURA COSTARRICENSE |9 17 | ||
| 650 | |a ENSAYO LITERARIO | ||
| 650 | |a CRÍTICA - NOVELA DE ALÍ VÍQUEZ : EL FUEGO CUANDO TE QUEMA | ||
| 650 | |a ANÁLISIS - NOVELA DE ALÍ VÍQUEZ : EL FUEGO CUANDO TE QUEMA | ||
| 942 | |c 15 D |h 868 S-7.1e |2 z | ||
